000 00696nam a2200253Ia 4500
003 OSt
005 20220918191714.0
006 a|||||r|||| 00| 0
007 ta
008 220917b |||||||| |||| 00| 0 eng d
024 _a64,686
037 _cTextual
040 _aARTS
_cARTS
_beng
041 _2eng
_aeng
082 _aQv1.M, L6
100 _aReynolds F E
_976961
245 0 _aBiographical process
_b studies in the history and psychology of religion
260 _aThe
_bHague Mouton
_c1976
300 _axi, 436p.
_ccm.
650 _aRELIGION
700 _a Capps D
_976962
942 _hQv1.M, L6
_cTEXL
_2CC
999 _c191054
_d191054